Arcane par photos - Statistiques

Statistiques générales
  • Ce quiz a été pris 748 fois
  • Le résultat moyen est 14 sur 18
Statistiques - réponses
Par images Réponse % Correct
jinx
99%
violet
98%
ekko
95%
powder
95%
viktor
95%
caitlyn
91%
jayce
89%
silco
88%
mel
87%
isha
86%
vander
86%
Ambessa
78%
heimerdinger
78%
sevika
68%
maddie
61%
mylo
59%
claggor
51%
sky
31%
Aucun quiz correspondant
Distribution des résultats
% des personnes avec chaque résultat
Percentile par nombre de réponses
Votre historique - résultats
Vous n’avez pas pris ce quiz